Wings of fire character selecting - Statistics

General Stats
  • This quiz has been taken 119 times
  • The average score is 37 of 45
Answer Stats
Question Tile Select % Correct
Which of these are real dragons in Wings of Fire? Smolder Yes
99%
Which of these are real dragons in Wings of Fire? Onyx Yes
97%
Which of these dragons are Nightwings (no hybrids)? Mightyclaws Yes
96%
Which of these dragons have a book in which they are the protagonist? Turtle Yes
96%
Which of these are real dragons in Wings of Fire? Vermilion Yes
96%
Which of these dragons are Nightwings (no hybrids)? Moonwatcher Yes
95%
Which of these dragons have a book in which they are the protagonist? Blaze No
93%
Which of these dragons are Nightwings (no hybrids)? Foeslayer Yes
93%
Which of these dragons have a book in which they are the protagonist? Glory Yes
93%
Which of these dragons are Nightwings (no hybrids)? Jambu No
93%
Which of these dragons have a book in which they are the protagonist? Katydid No
93%
Which of these dragons are Nightwings (no hybrids)? Whiteout No
93%
Which of these dragons are Nightwings (no hybrids)? Battlewinner Yes
92%
Which of these dragons are from Pantala? Cricket Yes
92%
Which of these are real dragons in Wings of Fire? Luna Yes
92%
Which of these dragons are Nightwings (no hybrids)? Qibli No
92%
Which of these dragons have a book in which they are the protagonist? Swordtail No
92%
Which of these dragons are Nightwings (no hybrids)? Turtle No
92%
Which of these dragons are from Pantala? Moonwatcher No
90%
Which of these dragons have a book in which they are the protagonist? Glacier No
89%
Which of these dragons are from Pantala? Sundew Yes
89%
Which of these dragons have a book in which they are the protagonist? Blue Yes
88%
Which of these dragons are from Pantala? Jerboa No
88%
Which of these dragons have a book in which they are the protagonist? Luna Yes
88%
Which of these dragons are from Pantala? Qibli No
88%
Which of these dragons are from Pantala? Clearsight No
86%
Which of these dragons are from Pantala? Swordtail Yes
86%
Which of these dragons have a book in which they are the protagonist? Kinkajou No
85%
Which of these dragons have powers (excludes normal tribe abilities that every dragon in the tribe has, like Rainwing camouflage or Icewing frostbreath) from birth? Qibli No
85%
Which of these dragons are from Pantala? Belladonna Yes
84%
Which of these dragons have powers (excludes normal tribe abilities that every dragon in the tribe has, like Rainwing camouflage or Icewing frostbreath) from birth? Kinkajou No
84%
Which of these dragons have powers (excludes normal tribe abilities that every dragon in the tribe has, like Rainwing camouflage or Icewing frostbreath) from birth? Winter No
82%
Which of these dragons have powers (excludes normal tribe abilities that every dragon in the tribe has, like Rainwing camouflage or Icewing frostbreath) from birth? Darkstalker Yes
81%
Which of these are real dragons in Wings of Fire? Tortoise Yes
77%
Which of these dragons are from Pantala? Admiral Yes
75%
Which of these dragons are Nightwings (no hybrids)? Darkstalker No
75%
Which of these dragons have powers (excludes normal tribe abilities that every dragon in the tribe has, like Rainwing camouflage or Icewing frostbreath) from birth? Fathom Yes
75%
Which of these dragons have powers (excludes normal tribe abilities that every dragon in the tribe has, like Rainwing camouflage or Icewing frostbreath) from birth? Clearsight Yes
67%
Which of these dragons have powers (excludes normal tribe abilities that every dragon in the tribe has, like Rainwing camouflage or Icewing frostbreath) from birth? Moonwatcher Yes
66%
Which of these are real dragons in Wings of Fire? Prickle Yes
64%
Which of these are real dragons in Wings of Fire? Fin Yes
59%
Which of these dragons have powers (excludes normal tribe abilities that every dragon in the tribe has, like Rainwing camouflage or Icewing frostbreath) from birth? Clay Yes
51%
Which of these are real dragons in Wings of Fire? Xenica Yes
48%
Which of these are real dragons in Wings of Fire? Danaid Yes
44%
Which of these dragons have powers (excludes normal tribe abilities that every dragon in the tribe has, like Rainwing camouflage or Icewing frostbreath) from birth? Anemone No
32%
No matching quizzes found
Score Distribution
Percent of People with Each Score
Percentile by Number Answered
Your Score History
You have not taken this quiz